000 00288nam a22001337a 4500
008 170929b xxu||||| |||| 00| 0 eng d
020 _a2901424084653
041 _aeng
080 _a37
100 _a47
101 _aEDU
245 _aINTRODUCTORY LOGIC
_cHURLEY,P.J
942 _2udc
_cBK
999 _c30638
_d30638